000 00474 a2200169 4500
003 OSt
005 20231207145911.0
008 231207b |||||||| |||| 00| 0 eng d
020 _a9789392936036
040 _coclc
082 _a954.83
_bBIJ/K
100 _aBiju, Kavitha
_910083
245 _aKeralathile Kottakal /
_cKavitha Biju
260 _aThrissur,
_bCurrent books,
_c2022.
300 _a78p
942 _2ddc
_cBK
_h954.83
_iBIJ/K
_k954.83
_mBIJ/K
999 _c43729
_d43729